000 00210nam a22000857a 4500
008 161130b xxu||||| |||| 00| 0 eng d
100 _91588
_aRajkumar p.etal
245 _aScience-IX
260 _aNEW DELHI
_bNCERT
_c2006
999 _c4309
_d4309